[Event "COL-ch"]
[Site "Palmira"]
[Date "2017.05.18"]
[Round "5"]
[White "Agudelo, Carlos Hernan"]
[Black "Jimenez, Jose Mauricio"]
[Result "0-1"]
[WhiteElo "2037"]
[BlackElo "2274"]
[PlyCount "110"]
[EventDate "2017.05.15"]
[EventType "swiss"]
[EventRounds "10"]
[EventCountry "COL"]
[SourceTitle "CBM 178 Extra"]
[Source "ChessBase"]
[SourceDate "2017.06.22"]
[SourceVersion "1"]
[SourceVersionDate "2017.06.22"]
[SourceQuality "1"]

1. e4 c5 2. Nf3 Nc6 3. c4 g6 4. d4 cxd4 5. Nxd4 Bg7 6. Be3 d6 7. Nc3 Nf6 8. Be2 a6 9. 0-0 0-0 10. f3 Bd7 11. Qd2 Re8 12. Nb3 Ne5 13. c5 dxc5 14. Nxc5 Bc6 15. Rfd1 e6 16. Qxd8 Rexd8 17. Rac1 Ne8 18. Nb3 Bf8 19. Na5 Bb4 20. Nxc6 Nxc6 21. Bb6 Rxd1+ 22. Nxd1 Bd2 23. Rc2 Bg5 24. a3 e5 25. Rc4 Nd6 26. Rc3 Bd8 27. Be3 Nd4 28. Bd3 Bb6 29. Kf1 f6 30. Bb1 Kf7 31. Ba2+ Ke7 32. Bd5 Kd7 33. Rd3 Ba7 34. Nc3 Rc8 35. Rd1 b5 36. Ne2 Rc2 37. Nxd4 exd4 38. Bxd4 Bxd4 39. Rxd4 Rxb2 40. f4 Ke7 41. g4 Rxh2 42. e5 fxe5 43. fxe5 Nf7 44. e6 Nd6 45. Rd3 h5 46. Rc3 Rd2 47. Rc7+ Kf6 48. g5+ Kxg5 49. Bc6 Rc2 50. e7 Kf6 51. Rd7 Ne8 52. Bb7 Rc7 53. Rxc7 Nxc7 54. Bxa6 Kxe7 55. Kf2 Nxa6 0-1